000 00944nam a2200253 i 4500
001 bg
100 1 _aŻEBROWSKI, Jerzy
245 1 0 _aMetodyka określania efektywności funkcjonowania ciągnika terenowego /
_cJerzy Żebrowski.
260 _aWarszawa :
_bOficyna Wydawnicza PW,
_c2004.
300 _a159 s. :
_bil. ;
_c24 cm.
490 1 _aPrace Naukowe. Mechanika / Politechnika Warszawska ;
_v0137-2335
500 _aOpis wg okł. - W nagł. odmienny tyt. serii: Prace Naukowe Politechniki Warszawskiej. - Streszcz. ang.
500 _aPrace Naukowe Politechniki Warszawskiej.
500 _aNumeracja ser. gł. : z. 206.
504 _aBibliogr.
650 9 _aCiągniki
_xefektywność
_xbadanie
650 9 _aSymulacja
_xstosowanie
830 0 _aPrace Naukowe. Mechanika (Politechnika Warszawska) ;
040 _cBPK
041 0 _apol
_beng
080 _a629.366:004.94
942 _cKS
008 s pl f |000 0 pol
999 _c46368
_d46368
856 _uhttp://koha.tu.koszalin.pl/cgi-bin/koha/opac-detail.pl?biblionumber=46368
_yKatalog online BPK